000 00941nam a22001937a 4500
003 OSt
005 20241119152959.0
008 220713b ||||| |||| 00| 0 eng d
040 _cSSBUL
082 _223
_a၂၉၄.၃၄၄၃၅ အုံး
_b၉၁၈၁ S-SAT
100 0 _aအုံးခင် ၊ ဦး(မိုးကြိုး)
_955338
245 1 _aသဲအင်းဂူဆရာတော်ဘုရား၏ဒိဋ္ဌိသတ်-တဏှာသတ် နှင့် မဂ်လေးပါး /
_cမိုးကြိုး-ဦးအုံးခင်။
260 _aရန်ကုန် ၊
_bဗမာ့ခေတ်စာပေ၊
_c၁၉၇၀။
300 _a၃၆၄ စာမျက်နှာ ၊
_c၁၇ စင်တီ။
500 _aS-SAT: Dr Sai Aung Tun Collection
650 _aသစ္စာလေးပါး
_97268
650 _2ကမ္မဋ္ဌာန်း
942 _cBK1
_2ddc
999 _c41089
_d41089